[Event "Faustino Paniagua Memorial"]
[Site "Asuncion URU"]
[Date "2011.07.15"]
[Round "9.1"]
[White "Valiente,C"]
[Black "Vazquez,Guillermo"]
[Result "1/2-1/2"]
[WhiteElo "2262"]
[BlackElo "2248"]

1.d4 d5 2.Nf3 Nf6 3.c4 e6 4.Nc3 Be7 5.Bf4 O-O 6.e3 Nbd7 7.Bd3 dxc4 8.Bxc4 a6
9.a4 c5 10.O-O Nb6 11.Bb3 cxd4 12.Qxd4 Qxd4 13.Nxd4 Bd7 14.a5 Nbd5 15.Nxd5 Nxd5
16.Be5 Rac8 17.Rfd1 Rfd8 18.Nf5 exf5 19.Bxd5 Bc6 20.Bxc6 Rxc6 21.Rxd8+ Bxd8
22.Kf1 Rc5 23.Bd4 Rc6 24.Bc3 Kf8 25.Ke2  1/2-1/2

[Event "2nd SPI Open"]
[Site "Satu Mare ROU"]
[Date "2011.07.16"]
[Round "2"]
[White "Drenchev,P"]
[Black "Sandor,Petr"]
[Result "1-0"]
[WhiteElo "2523"]
[BlackElo "2153"]

1.d4 Nf6 2.c4 e6 3.Nf3 Bb4+ 4.Bd2 Be7 5.Nc3 d5 6.Bf4 O-O 7.e3 a6 8.cxd5 exd5
9.Bd3 h6 10.h3 b6 11.O-O Bb7 12.Rc1 Nbd7 13.Ne5 c5 14.Qf3 Ra7 15.Bf5 Nxe5
16.Bxe5 c4 17.Rfd1 b5 18.a3 Bc6 19.Ne2 g6 20.Ng3 Bd7 21.Bb1 Be6 22.e4 Rd7
23.Qe3 Kh7 24.Nf5 Bxf5 25.exf5 g5 26.h4 gxh4 27.Qh3 Rg8 28.Rc3 Bd6 29.Qxh4 Bxe5
30.dxe5 Ne4 31.f6 Rg6 32.Rh3 Qe8 33.f3 Qe6 34.Kh1 Kg8 35.fxe4 d4 36.Qf4 Qg4
37.Qxg4 Rxg4 38.Rxh6 d3 39.Kg1 Rd4 40.Kf2 Rf4+ 41.Kg3 Rdxe4 42.Bxd3 Rg4+
43.Kh3 cxd3 44.Rxd3 Rd4 45.Rf3 Rdf4 46.g3 Rxf3 47.Kxg4 Rf2 48.b4 Re2 49.Rh5 Re3
50.Kf4 Rxa3 51.g4 Rb3 52.e6 Rxb4+ 53.Ke3 fxe6 54.g5 Rb1 55.g6 Rg1 56.f7+ Kg7
57.Rh8 Rg3+ 58.Ke4  1-0

[Event "2nd SPI Open"]
[Site "Satu Mare ROU"]
[Date "2011.07.16"]
[Round "3"]
[White "Manolache,M"]
[Black "Chereches,M"]
[Result "1-0"]
[WhiteElo "2533"]
[BlackElo "2280"]

1.d4 Nf6 2.c4 e6 3.Nc3 d5 4.Nf3 Be7 5.Bf4 O-O 6.Qc2 Nbd7 7.cxd5 exd5 8.e3 c5
9.Be2 cxd4 10.Nxd4 Nc5 11.O-O Be6 12.Rfd1 Rc8 13.Rac1 Qb6 14.Qb1 Rfd8 15.Ncb5 Ne8
16.Bf3 a6 17.Nc3 Nf6 18.h3 Re8 19.Rc2 Nce4 20.Nxe4 dxe4 21.Bxe4 Nxe4 22.Rxc8 Bxc8
23.Qxe4 g6 24.Bg5 Be6 25.Bxe7 Rxe7 26.Qe5 Qd8 27.Rd2 Qc7 28.Nxe6 fxe6 29.Qd4 e5
30.Qd5+ Kg7 31.a4 Qc1+ 32.Kh2 Qc7 33.Qd6 Qxd6 34.Rxd6 Kf7 35.Kg3 Rc7 36.Rb6 h6
37.b3 Kg7 38.h4 h5 39.a5 Kh6 40.b4 e4 41.f3 Re7 42.Kf4 exf3 43.gxf3 Rf7+
44.Kg3 Re7 45.e4 Rc7 46.e5 Kg7 47.Kf4 Kh6 48.e6 Kg7 49.Kg5  1-0

[Event "3rd International Open"]
[Site "Rethymno GRE"]
[Date "2011.07.17"]
[Round "8"]
[White "Banikas,H"]
[Black "Rychagov,A"]
[Result "1-0"]
[WhiteElo "2593"]
[BlackElo "2560"]

1.d4 d5 2.c4 e6 3.Nc3 Nf6 4.Nf3 Be7 5.Bf4 O-O 6.e3 Nbd7 7.a3 c5 8.cxd5 Nxd5
9.Nxd5 exd5 10.dxc5 Nxc5 11.Be2 Bf6 12.Be5 Bxe5 13.Nxe5 Be6 14.Nf3 Qb6 15.Qd4 Rac8
16.Rd1 Rfd8 17.O-O Nb3 18.Qxb6 axb6 19.Bd3 g6 20.Bb1 d4 21.Nxd4 Nxd4 22.Rxd4 Rxd4
23.exd4 Rd8 24.Bc2 Rxd4 25.Rd1 Rc4 26.Bb3 Rc6 27.Bxe6 Rxe6 28.g3 b5 29.Rd5 b4
30.axb4 Rb6 31.b5 Kf8 32.f4 Ke7 33.Kf2 Re6 34.Kf3 f6 35.Rc5 Kd7 36.f5 Re1
37.fxg6 hxg6 38.b6 Rb1 39.Rc7+ Ke6 40.Rxb7 Rxb2 41.Rb8 Kf7 42.Ke4 Kg7 43.h4 Rb3
44.g4 Rb4+ 45.Kd5 f5 46.Rb7+ Kh6 47.g5+ Kh5 48.Rh7+ Kg4 49.b7 f4 50.Kc6 f3
51.Rf7 Kxh4 52.Rxf3 Kxg5 53.Rf8 Kg4 54.b8=Q Rxb8 55.Rxb8 g5 56.Kd5 Kf3 57.Rf8+ Ke3
58.Rg8 Kf4 59.Kd4  1-0

[Event "4th d'Ille-et-Vilain Open"]
[Site "Rennes FRA"]
[Date "2011.07.20"]
[Round "6.2"]
[White "Navrotescu,C"]
[Black "Ider,B"]
[Result "1/2-1/2"]
[WhiteElo "2423"]
[BlackElo "2359"]

1.d4 e6 2.c4 Nf6 3.Nc3 d5 4.Nf3 Be7 5.Bf4 O-O 6.e3 Nbd7 7.c5 c6 8.h3 b6 9.b4 a5
10.a3 Ne4 11.Nxe4 dxe4 12.Ne5 Nxe5 13.Bxe5 f6 14.Bg3 Ba6 15.Bxa6 Rxa6 16.Qb3 Qd7
17.O-O axb4 18.axb4 Rfa8 19.Rxa6 Rxa6 20.Qb2 b5 21.Ra1 Qb7 22.Rxa6 Qxa6 23.Qe2 Qc8
24.Qa2 Kf7 25.Qa7 Ke8 26.Kh2 Qd7 27.Qa8+ Bd8 28.Bd6 Kf7 29.g3 g6 30.Kg2 Kg7
31.g4 h5 32.Kg3 hxg4 33.hxg4 g5 34.f4 exf3 35.Kxf3 Kg6 36.Kg3 f5 37.Be5 fxg4
38.e4 Qf7  1/2-1/2

[Event "Najdorf Memorial"]
[Site "Warsaw POL"]
[Date "2011.07.21"]
[Round "8"]
[White "Czarnota,P"]
[Black "Vysochin,S"]
[Result "1/2-1/2"]
[WhiteElo "2541"]
[BlackElo "2552"]

1.Nf3 d5 2.c4 e6 3.d4 Be7 4.Nc3 Nf6 5.Bf4 O-O 6.e3 Nbd7 7.Rc1 c5 8.cxd5 Nxd5
9.Nxd5 exd5 10.dxc5 Nxc5 11.a3 Bg4 12.Be2 Ne6 13.Be5 Bf6 14.Bxf6  1/2-1/2

[Event "15th Battle of Senta Open"]
[Site "Senta SRB"]
[Date "2011.07.22"]
[Round "8.5"]
[White "Desnica,V"]
[Black "Markovic,ZS"]
[Result "1/2-1/2"]
[WhiteElo "2177"]
[BlackElo "2351"]

1.d4 d5 2.c4 e6 3.Nc3 Nf6 4.Nf3 Be7 5.Bf4 O-O 6.e3 c5 7.dxc5 Bxc5 8.a3 Nc6
9.Qc2 Qa5 10.Nd2 Bb4 11.cxd5 exd5 12.Bd3 Nh5 13.O-O Bxc3 14.Bxh7+ Kh8 15.bxc3 Nxf4
16.exf4 Qc7 17.Bd3 Qxf4 18.g3 Qf6 19.Rab1  1/2-1/2

[Event "Najdorf Memorial"]
[Site "Warsaw POL"]
[Date "2011.07.22"]
[Round "9"]
[White "Olszewski,Mi"]
[Black "Warakomski,T"]
[Result "1/2-1/2"]
[WhiteElo "2541"]
[BlackElo "2473"]

1.d4 Nf6 2.c4 e6 3.Nf3 d5 4.Nc3 Be7 5.Bf4 O-O 6.a3 b6 7.cxd5 exd5 8.g3 c5
9.Bg2 Bb7 10.O-O Na6 11.Ne5 Nc7 12.dxc5 bxc5 13.Nc4 Rb8 14.Bxc7 Qxc7 15.Nxd5 Bxd5
16.Bxd5 Rfd8 17.e4 Nxe4 18.Qh5 Nd6 19.Rad1 Rf8 20.Rfe1 Nxc4 21.Bxc4 Bf6 22.b3 Rbd8
23.Qf5 Bd4 24.Rd2 Rd6 25.Qf4 Qd7 26.Bb5 Qd8 27.Rde2 Rf6 28.Qd2 Qb6 29.Bc4 g6
30.Qh6  1/2-1/2

[Event "Czech GM Open A"]
[Site "Pardubice CZE"]
[Date "2011.07.23"]
[Round "2.99"]
[White "Bartos,J"]
[Black "Vrana,J"]
[Result "1/2-1/2"]
[WhiteElo "2215"]
[BlackElo "2306"]

1.d4 d5 2.c4 e6 3.Nf3 Nf6 4.Nc3 Be7 5.Bf4 O-O 6.a3 b6 7.cxd5 Nxd5 8.Nxd5 exd5
9.g3 c5 10.dxc5 bxc5 11.Bg2 Be6 12.O-O Nd7 13.Ne5 Nxe5 14.Bxe5 Rc8 15.Qa4 f6
16.Bc3 d4 17.Ba5 Qe8 18.Qxe8 Rfxe8 19.b4 f5 20.bxc5 Bxc5 21.Rfc1 Bd6 22.Bc6 Re7
23.Bb4 Rd8 24.Bxd6 Rxd6 25.Bb5  1/2-1/2

[Event "Czech GM Open A"]
[Site "Pardubice CZE"]
[Date "2011.07.23"]
[Round "2.70"]
[White "Oganian,M"]
[Black "Akesson,R"]
[Result "0-1"]
[WhiteElo "2204"]
[BlackElo "2429"]

1.d4 d5 2.c4 e6 3.Nf3 Nf6 4.Nc3 Be7 5.Bf4 O-O 6.e3 Nbd7 7.cxd5 Nxd5 8.Nxd5 exd5
9.Bd3 c5 10.O-O c4 11.Bc2 b5 12.e4 Nb6 13.e5 Bg4 14.h3 Bh5 15.g4 Bg6 16.Bxg6 fxg6
17.Bd2 g5 18.Ne1 Qe8 19.Qc2 Qc6 20.f4 Qh6 21.Rf3 gxf4 22.Ng2 g5 23.h4 Nd7
24.hxg5 Qb6 25.Rh3 Qxd4+ 26.Be3 Qe4 27.Qxe4 dxe4 28.Bxf4 Bc5+ 29.Kh1 Rae8
30.Rd1 Nxe5 31.Bxe5 Rxe5 32.Rd7 Rxg5 33.Rdxh7 Rf1+ 34.Kh2 Bd6+  0-1

[Event "16th Balaguer Open"]
[Site "Balaguer ESP"]
[Date "2011.07.24"]
[Round "8"]
[White "Volodin,Alek"]
[Black "Gutierrez Martos,F"]
[Result "1-0"]
[WhiteElo "2523"]
[BlackElo "2071"]

1.d4 e6 2.c4 Nf6 3.Nf3 d5 4.Nc3 Be7 5.Bf4 O-O 6.e3 Nbd7 7.c5 Nh5 8.Bd3 Nxf4
9.exf4 b6 10.b4 a5 11.a3 c6 12.O-O Qc7 13.g3 Ba6 14.Re1 Bxd3 15.Qxd3 axb4
16.axb4 g6 17.h4 h5 18.Kg2 bxc5 19.bxc5 Ra5 20.Rxa5 Qxa5 21.Rxe6 Bf6 22.Rxc6  1-0

[Event "Poznan Summer Open"]
[Site "Poznan POL"]
[Date "2011.07.24"]
[Round "9.17"]
[White "Zielewicz,Piotr"]
[Black "Chojnacki,T"]
[Result "0-1"]
[WhiteElo "1773"]
[BlackElo "1874"]

1.d4 d5 2.c4 e6 3.Nc3 Be7 4.Nf3 Nf6 5.Bf4 c6 6.c5 b6 7.b4 O-O 8.e3 bxc5 9.dxc5 Bb7
10.Bd3 Nbd7 11.O-O Nh5 12.Bxh7+ Kxh7 13.Ng5+ Bxg5 14.Qxh5+ Bh6 15.g4 e5 16.Bxh6 gxh6
17.f4 Qf6 18.g5 Qg6 19.Qh4 Kg7 20.Kh1 hxg5 21.Qh3 Rh8 22.Qxd7 Qc2 23.h3 Bc8
24.Qe7 Rxh3+ 25.Kg1 Qh2+  0-1

[Event "XXXVII Open"]
[Site "Sitges ESP"]
[Date "2011.07.24"]
[Round "3"]
[White "Barsov,A"]
[Black "Cruz,F"]
[Result "1-0"]
[WhiteElo "2534"]
[BlackElo "2406"]

1.d4 d5 2.c4 e6 3.Nc3 Be7 4.Nf3 Nf6 5.Bf4 O-O 6.e3 c5 7.dxc5 Bxc5 8.cxd5 Nxd5
9.Nxd5 exd5 10.a3 Nc6 11.Bd3 Bb6 12.O-O Bg4 13.h3 Bh5 14.b4 a6 15.Rc1 d4
16.e4 Re8 17.g4 Bg6 18.Re1 Bc7 19.Bxc7 Qxc7 20.Nxd4 Qf4 21.Qf3 Qd2 22.Nxc6 bxc6
23.Qe2 Qg5 24.Qe3 Qh4 25.Rxc6 Rad8 26.Rc3 h5 27.Qg3 Qf6 28.e5 Qb6 29.gxh5 Bxh5
30.Qg5 Qd4 31.Re3 g6 32.Rc7 Re6 33.Bf1 Qd1 34.Re1 Qxe1 35.Qxd8+ Kg7 36.Qd7  1-0

[Event "8th World Teams"]
[Site "Ningbo CHN"]
[Date "2011.07.25"]
[Round "8"]
[White "Aronian,L"]
[Black "Radjabov,T"]
[Result "1/2-1/2"]
[WhiteElo "2805"]
[BlackElo "2744"]

1.d4 d5 2.c4 e6 3.Nc3 Be7 4.Nf3 Nf6 5.Bf4 O-O 6.e3 Nbd7 7.Qc2 c5 8.Rd1 cxd4
9.Rxd4 Qa5 10.Bg3 Nb6 11.Nd2 dxc4 12.Bxc4 Nxc4 13.Nxc4 Qa6 14.O-O Bd7 15.Rfd1 Bc6
16.Bd6 Bxd6 17.Nxd6 Bd5 18.Ndb5 Qb6 19.e4 Bc6 20.Nd6 e5 21.R4d3 Rad8 22.h3 Rd7
23.Qd2 h6 24.Nf5 Rfd8 25.Nd5 Bxd5 26.exd5 Ne4 27.Qe2 Nd6 28.Nxh6+ gxh6 29.Rg3+ Kf8
30.Qxe5 Re8 31.Qf6 Ne4 32.Qh8+ Ke7 33.Qe5+ Kd8  1/2-1/2

[Event "TCh-POR 1st Div"]
[Site "Torres Vedras POR"]
[Date "2011.07.26"]
[Round "4.2"]
[White "Ftacnik,L"]
[Black "Andrade,Jo"]
[Result "1-0"]
[WhiteElo "2556"]
[BlackElo "2249"]

1.Nf3 Nf6 2.c4 e6 3.Nc3 d5 4.d4 Be7 5.Bf4 O-O 6.e3 c6 7.Rc1 b6 8.Bd3 Ba6
9.b3 Bb7 10.O-O Nbd7 11.Qe2 Ba3 12.Rc2 Qe7 13.Bg5 h6 14.Bh4 Bb4 15.Ne5 Bxc3
16.Nxd7 Qxd7 17.Bxf6 gxf6 18.Qg4+ Kh8 19.Rxc3 f5 20.Qf4 Kh7 21.cxd5 Qxd5
22.Bb1 Rad8 23.Rd1 c5 24.e4 Qd6 25.Qxd6 Rxd6 26.exf5 exf5 27.Bxf5+ Kg7 28.Rcd3 Rfd8
29.dxc5 Rxd3 30.Rxd3 Rxd3 31.Bxd3 bxc5 32.f4 Kf6 33.Kf2 Ke7 34.g4 f6 35.h4 a5
36.Ke3 Bc6 37.a4 Bd7 38.Kf3 Kd6 39.Bc4 Bc6+ 40.Ke3 Bd7 41.g5 fxg5 42.fxg5 hxg5
43.hxg5  1-0

[Event "Open NK"]
[Site "Dieren NED"]
[Date "2011.07.28"]
[Round "9"]
[White "Vovk,Y"]
[Black "Radulski,J"]
[Result "1-0"]
[WhiteElo "2564"]
[BlackElo "2556"]

1.d4 d5 2.c4 e6 3.Nf3 Be7 4.Nc3 Nf6 5.Bf4 O-O 6.e3 c5 7.dxc5 Bxc5 8.a3 Nc6
9.Qc2 Re8 10.Rd1 e5 11.Bg5 d4 12.Bxf6 Qxf6 13.Nd5 Qh6 14.e4 Rb8 15.b4 Bf8
16.c5 Bg4 17.Bc4 Rbc8 18.Qd3 Kh8 19.h3 Be6 20.O-O f6 21.Nd2 g5 22.g4 Qg7
23.Rb1 Qf7 24.Rfc1 Red8 25.Nf1 Ne7 26.Nxe7 Bxc4 27.Rxc4 Bxe7 28.Ng3 Rc6 29.Nf5 Rdc8
30.Rbc1 Bf8 31.R4c2 h5 32.gxh5 Qxh5 33.Kg2 R6c7 34.f3 Rh7 35.Rh1 Qe8 36.Qc4 Rd8
37.Kg3 a6 38.Rch2 Rh4 39.Nxh4 gxh4+ 40.Kf2 Bh6 41.Rg2 d3 42.Rd1 d2 43.Rg4 Bg5
44.Qb3 Rd4 45.a4 Qg8 46.Qxg8+ Kxg8 47.b5 axb5 48.axb5 Kf7 49.Rgg1 Rc4 50.c6 bxc6
51.b6 Rc2 52.f4 Bxf4 53.Kf3 Rc3+ 54.Ke2 Re3+ 55.Kxd2 Rb3+ 56.Kc2 Rxb6 57.Rd7+ Kf8
58.Ra1 Rb8 59.Raa7 Bg5 60.Rdc7 Be3 61.Rf7+ Kg8 62.Rg7+ Kh8 63.Rh7+ Kg8 64.Rag7+ Kf8
65.Rc7 Kg8 66.Rxh4 Rb4 67.Rhh7 Bb6 68.Rcg7+ Kf8 69.Rb7 Kg8 70.Rhe7  1-0

[Event "39th GM"]
[Site "Dortmund GER"]
[Date "2011.07.28"]
[Round "7"]
[White "Giri,A"]
[Black "Ponomariov,R"]
[Result "1-0"]
[WhiteElo "2701"]
[BlackElo "2764"]

1.d4 Nf6 2.c4 e6 3.Nf3 d5 4.Nc3 Be7 5.Bf4 O-O 6.e3 Nbd7 7.a3 c5 8.cxd5 Nxd5
9.Nxd5 exd5 10.dxc5 Nxc5 11.Be5 Bg4 12.Be2 Bxf3 13.Bxf3 Bf6 14.Bxf6 Qxf6
15.Qc2 Rac8 16.Bxd5 Rfd8 17.Rd1 Qe5 18.Qc4 b5 19.Qa2 Rd7 20.O-O Na4 21.Bb3 Rdc7
22.Rd4 Nb6 23.Rfd1 g6 24.Qb1 Kg7 25.g3 Nc4 26.Kg2 Qf6 27.Bxc4 bxc4 28.Qe4 Re7
29.Qd5 c3 30.bxc3 Rxc3 31.Rf4 Qc6 32.Qxc6 Rxc6 33.Rdd4 Rc2 34.Rd5 h5 35.Ra5 Rb7
36.h3 Ra2 37.Rfa4 Rbb2 38.Rf4 Rb7 39.g4 hxg4 40.hxg4 Rc7 41.Kg3 Rb2 42.g5 Rb1
43.Kg2 Rb2 44.Rfa4 Rcc2 45.Rf4 Rb7 46.Kg3 Rc1 47.Rd4 Rb2 48.Rf4 Rb7 49.Rd4 Rb2
50.f3 a6 51.Rxa6 Rb5 52.f4 Rb3 53.Re4 Rcc3 54.a4 Rxe3+ 55.Rxe3 Rxe3+ 56.Kf2 Ra3
57.Ra7 Kf8 58.a5 Ke8 59.a6 Kf8 60.Ke2 Ke8 61.Ra8+ Kd7 62.a7 Kc6 63.Rc8+ Kb7
64.Rf8  1-0

[Event "Biel MTO Open"]
[Site "Biel SUI"]
[Date "2011.07.29"]
[Round "11"]
[White "Nyzhnyk,I"]
[Black "Schiendorfer,E"]
[Result "1-0"]
[WhiteElo "2589"]
[BlackElo "2304"]

1.d4 Nf6 2.c4 e6 3.Nf3 d5 4.Nc3 Be7 5.Bf4 O-O 6.a3 b6 7.cxd5 Nxd5 8.Nxd5 exd5
9.g3 Bf5 10.Bg2 Nd7 11.Rc1 Rc8 12.O-O Re8 13.Qa4 Bd6 14.Bxd6 cxd6 15.Nh4 Bg4
16.e3 Nf6 17.Qxa7 Ra8 18.Qc7 Rc8 19.Qxd8 Rexd8 20.Rfe1 Be6 21.Bf1 Ne4 22.Ba6 Ra8
23.Bb5 Rac8 24.Ba6 Ra8 25.Be2 Rac8 26.Red1 Bd7 27.Ng2 Ba4 28.Re1 Nd2 29.Nf4 Bb3
30.h4 g6 31.Kg2 Bc2 32.Bd3 Bxd3 33.Nxd3 Rc4 34.Nb4 Rdc8 35.Rcd1 Ne4 36.Nxd5  1-0

[Event "COQ Invitational"]
[Site "Montreal CAN"]
[Date "2011.07.29"]
[Round "8"]
[White "Tessier Desrosiers,O"]
[Black "Drolet,S"]
[Result "0-1"]
[WhiteElo "2086"]
[BlackElo "2025"]

1.d4 Nf6 2.Nf3 d5 3.c4 e6 4.Nc3 Be7 5.Bf4 a6 6.a4 Nc6 7.e3 Nh5 8.Bg3 Nxg3
9.hxg3 Bf6 10.b4 dxc4 11.Bxc4 Nxb4 12.Qb1 Nd5 13.Bxd5 exd5 14.Rxh7 Rxh7 15.Qxh7 Qd6
16.Qh8+ Ke7 17.Qh5 Be6 18.Nd2 g6 19.Qd1 Rh8 20.Qb3 Rh1+ 21.Nf1 b6 22.a5 b5
23.Rc1 Kf8 24.Ne2 Be7 25.Rc5 Qd7 26.Rc1 b4 27.f3 Kg7 28.Qc2 Bd6 29.Qd3 Qc8
30.e4 Bd7 31.e5 Be7 32.Qc2 c6 33.Nf4 Qb7 34.e6 b3 35.Qe2 Qb4+ 36.Kf2 Qxd4+
37.Ne3 Rxc1 38.exd7 Rc2 39.Nh5+ gxh5 40.Kf1 Qa1+  0-1

[Event "Czech GM Open A"]
[Site "Pardubice CZE"]
[Date "2011.07.29"]
[Round "8.54"]
[White "Aguettaz,M"]
[Black "Vrana,J"]
[Result "1-0"]
[WhiteElo "2426"]
[BlackElo "2306"]

1.Nf3 Nf6 2.c4 e6 3.Nc3 d5 4.d4 Be7 5.Bf4 O-O 6.e3 b6 7.cxd5 Nxd5 8.Nxd5 exd5
9.Bd3 c5 10.Rc1 c4 11.Bb1 Nc6 12.h4 f5 13.Ne5 Nxe5 14.Bxe5 Bf6 15.h5 Be6
16.f4 b5 17.O-O b4 18.Rc2 Rc8 19.g3 Qe7 20.Rg2 c3 21.b3 Bxe5 22.fxe5 Qg5
23.Rf4 Rc7 24.Bc2 Rcf7 25.Qe2 Qe7 26.Rh2 g6 27.hxg6 hxg6 28.Rfh4 Rg7 29.Qa6 Kf7
30.Kf2 Bc8 31.Qb5 Be6 32.Rh6 Rfg8 33.Ke2 Re8 34.g4 Qg5 35.gxf5 Qg4+ 36.Kf2 Bxf5
37.Qxd5+ Be6 38.Qb7+ Re7 39.Qxb4 Bd5 40.Kf1 Ke6  1-0

[Event "Open Women ch-BUL"]
[Site "Vratsa BUL"]
[Date "2011.07.29"]
[Round "7"]
[White "Genova,R"]
[Black "Cherednichenko,E"]
[Result "1/2-1/2"]
[WhiteElo "2188"]
[BlackElo "2133"]

1.d4 Nf6 2.Nf3 e6 3.c4 d5 4.Nc3 Be7 5.Bf4 O-O 6.e3 b6 7.cxd5 Nxd5 8.Bg3 c5
9.Bd3 cxd4 10.exd4 Ba6 11.Rc1 Nxc3 12.bxc3 Bxd3 13.Qxd3 Nc6 14.O-O h6 15.Rfd1 Bd6
16.Bh4 Be7 17.Bg3 Bd6 18.Bh4 Be7 19.Bg3  1/2-1/2

[Event "ch-AUT"]
[Site "Linz AUT"]
[Date "2011.07.30"]
[Round "8"]
[White "Schroll,G"]
[Black "Menezes,Chr"]
[Result "1/2-1/2"]
[WhiteElo "2414"]
[BlackElo "2200"]

1.c4 Nf6 2.Nc3 e6 3.Nf3 d5 4.d4 Be7 5.Bf4 O-O 6.e3 Nbd7 7.Qc2 c5 8.cxd5 exd5
9.dxc5 Nxc5 10.Be2 Bg4 11.O-O Rc8 12.Nd4 Bxe2 13.Qxe2 Nce4 14.Nxe4 Nxe4 15.Qb5 Nc5
16.Nf5 Re8 17.Nxe7+ Qxe7 18.Rac1 a6 19.Qb4 Qe4 20.Qd2 Ne6 21.f3 Qf5 22.Bg3 d4
23.exd4 Qd5 24.Bf2 Rcd8 25.Rfd1 Rd7 26.b3 Red8 27.Be3 h6 28.Qc2 Re8 29.Qc4 Red8
30.Qxd5 Rxd5 31.Rc4 h5 32.h3 Kh7 33.Kf2 Kg6 34.g4 f5 35.gxh5+ Kxh5 36.f4 Kg6
37.Kf3 R8d6 38.Bf2 Kf7 39.h4 Ke8 40.h5 Kf7 41.Rc8 Rd8 42.Rxd8 Nxd8 43.Ke3 Ne6
44.Be1 Nc7 45.Rc1 Rd7 46.Rc5 Nd5+ 47.Kf3 Ke6 48.Rc2 Nf6 49.Re2+ Ne4 50.Bc3 Kd5
51.Bb2 Rc7 52.Rg2 Rd7 53.Rc2 b6 54.Rc8 Nf6 55.Rf8 Ke6 56.d5+ Nxd5 57.Re8+ Kf7
58.Re5 Ne7 59.Ba3 Ng8 60.Rxf5+ Nf6 61.Bb2 Rd2 62.Be5 Rh2 63.Bd4 b5 64.Rg5 Nxh5
65.Rc5 Nf6 66.Bxf6 gxf6 67.a4 Rh3+  1/2-1/2

[Event "20th Kavala Open"]
[Site "Kavala GRE"]
[Date "2011.08.01"]
[Round "4"]
[White "Socko,M"]
[Black "Halkias,S"]
[Result "1/2-1/2"]
[WhiteElo "2490"]
[BlackElo "2600"]

1.d4 d5 2.c4 e6 3.Nf3 Nf6 4.Nc3 Be7 5.Bf4 O-O 6.e3 Nbd7 7.c5 Ne4 8.Nxe4 dxe4
9.Nd2 e5 10.Bxe5 Nxe5 11.dxe5 Qd5 12.Qc2 Rd8 13.Bc4 Qxe5 14.Rc1 Bf5 15.Qc3 Qxc3
16.Rxc3 b6 17.cxb6 cxb6 18.Ke2 Bb4 19.Rc2 Rac8 20.Nb1 Bg4+ 21.f3 Bf5 22.f4 Kf8
23.h3 b5 24.Bb3 Rxc2+ 25.Bxc2 Rc8 26.Bb3 Be6 27.Bxe6 fxe6  1/2-1/2

[Event "Tabor Open"]
[Site "Tabor CZE"]
[Date "2011.08.01"]
[Round "3.35"]
[White "Sourek,Martin"]
[Black "Nyvlt,O"]
[Result "1/2-1/2"]
[WhiteElo "1790"]
[BlackElo "1984"]

1.d4 Nf6 2.c4 e6 3.Nf3 d5 4.Nc3 Be7 5.Bf4 O-O 6.e3 a6 7.Qc2 Nbd7 8.c5 Re8
9.Bd3 Nf8 10.O-O Ng6 11.Bg3 b6 12.b4 Bb7 13.a4 Nh5 14.Ne2 Nxg3 15.hxg3 Bf6
16.Nf4 e5 17.Nxg6 hxg6 18.dxe5 Bxe5 19.Nxe5 Rxe5 20.Rac1 Qe7 21.Rfd1  1/2-1/2

[Event "29th World Junior Girls"]
[Site "Chennai IND"]
[Date "2011.08.02"]
[Round "1.9"]
[White "Kazimova,N"]
[Black "Savetha,C"]
[Result "1-0"]
[WhiteElo "2292"]
[BlackElo "1992"]

1.Nf3 Nf6 2.c4 e6 3.Nc3 d5 4.d4 Be7 5.Bf4 c5 6.dxc5 Bxc5 7.e3 O-O 8.a3 dxc4
9.Bxc4 a6 10.Qc2 Nbd7 11.O-O b5 12.Bd3 Bb7 13.e4 Nh5 14.Bg5 f6 15.Bd2 e5
16.b4 Bd6 17.a4 bxa4 18.Nxa4 Rc8 19.Qb3+ Kh8 20.Rfd1 Qe7 21.Nh4 g6 22.g3 Ng7
23.Nc3 Nb8 24.Nd5 Bxd5 25.exd5 Qb7 26.Ng2 f5 27.Ne3 e4 28.Bf1 Be5 29.Ra3 Bd4
30.Be1 Qa7 31.Ng2 Qb6 32.Nf4 g5 33.Ne6 Nxe6 34.dxe6 Bf6 35.Bd2 f4 36.gxf4 gxf4
37.Bxf4 Rc3 38.e7 Rcc8 39.Rd6 Rg8+ 40.Kh1  1-0

[Event "16th Creon Open"]
[Site "Creon FRA"]
[Date "2011.08.02"]
[Round "3.9"]
[White "Navrotescu,C"]
[Black "Roselle,Tristan"]
[Result "1-0"]
[WhiteElo "2423"]
[BlackElo "1802"]

1.d4 d5 2.c4 e6 3.Nc3 Nf6 4.Nf3 Be7 5.Bf4 c6 6.e3 O-O 7.Qc2 Nbd7 8.O-O-O dxc4
9.Bxc4 Nd5 10.h4 N7f6 11.Bg5 b5 12.Bxd5 exd5 13.Ne5 Bd7 14.Kb1 Rc8 15.f4 a5
16.Rhg1 b4 17.Bxf6 Bxf6 18.Na4 g6 19.Nxd7 Qxd7 20.Nb6 Qb7 21.Nxc8 Rxc8 22.h5 Qb5
23.hxg6 fxg6 24.Qd3 Qb6 25.g4 a4 26.g5 Be7 27.e4 b3 28.a3 Qd8 29.f5 Qf8 30.Rdf1 Bxa3
31.fxg6 Qe7 32.Rf7 Qd6 33.e5 Qxg6 34.Qxg6+ hxg6 35.Ra7 Bb4 36.Rxa4 Bd2 37.Rg3 Rf8
38.Rxb3 Bxg5 39.Rc3 Rc8 40.Ra6 Bh4 41.Raxc6  1-0

[Event "37th Badalona Open A"]
[Site "Badalona ESP"]
[Date "2011.08.03"]
[Round "3"]
[White "Volodin,Alek"]
[Black "Cruz,F"]
[Result "1/2-1/2"]
[WhiteElo "2523"]
[BlackElo "2406"]

1.d4 d5 2.c4 e6 3.Nc3 Be7 4.Nf3 Nf6 5.Bf4 O-O 6.e3 c5 7.dxc5 Bxc5 8.a3 Nc6
9.Rc1 Bb6 10.Be2 h6 11.O-O a6 12.h3 d4 13.exd4 Nxd4 14.b4 Bc7 15.Ne5 b6 16.Bf3 Ra7
17.Re1 Bb8 18.Re3 Bxe5 19.Bxe5 Rd7 20.Qa4 Nxf3+ 21.Rxf3 Bb7 22.Re3 Rd2 23.c5 Nd5
24.Rg3 f6 25.Bd6 Rf7 26.Nxd5 Rxd5 27.Qb3 Qd7 28.Re1 e5 29.Rd1 Rxd1+ 30.Qxd1 bxc5
31.bxc5 Qe6 32.Qd2 Kh8 33.Kh2 Bc6 34.Qd3 Bb5 35.Qe4  1/2-1/2

[Event "50th World Juniors"]
[Site "Chennai IND"]
[Date "2011.08.04"]
[Round "3.49"]
[White "Ashwath,R"]
[Black "Karthikeyan,M2"]
[Result "1-0"]
[WhiteElo "2259"]
[BlackElo "2122"]

1.d4 Nf6 2.c4 e6 3.Nf3 d5 4.Nc3 Be7 5.Bf4 O-O 6.e3 c5 7.dxc5 Bxc5 8.Qc2 Nc6
9.a3 Be7 10.Rd1 Qa5 11.Nd2 e5 12.Bg3 dxc4 13.Nxc4 Qc7 14.Nb5 Qb8 15.Nd4 Nxd4
16.exd4 Bg4 17.Be2 Bxe2 18.Qxe2 Qe8 19.dxe5 Nd7 20.e6 Nc5 21.Nd6 Bxd6 22.Bxd6 Nxe6
23.Bxf8 Qxf8 24.O-O Qe8 25.Rd6 Qa4 26.Rfd1 h6 27.Qf3 Rb8 28.Rd7 f6 29.Qd5 Re8
30.Re1 Qa6 31.Rd6  1-0

[Event "112th US Open"]
[Site "Orlando USA"]
[Date "2011.08.04"]
[Round "3"]
[White "Lenderman,A"]
[Black "Sarkar,J"]
[Result "1/2-1/2"]
[WhiteElo "2525"]
[BlackElo "2376"]

1.d4 d5 2.c4 e6 3.Nf3 Nf6 4.Nc3 Be7 5.Bf4 O-O 6.e3 Nbd7 7.c5 Ne4 8.Qc2 g5
9.Bg3 f5 10.Nxe4 dxe4 11.Nd2 f4 12.Nxe4 Rf7 13.O-O-O Nf8 14.Be2 fxg3 15.hxg3 Bd7
16.d5 exd5 17.Rxd5 c6 18.Rdd1 Qc8 19.Rh5 Rg7 20.Nd6 Bxd6 21.Rxd6 Bg4 22.Qc4+ Be6
23.Qc3 Bf7 24.Rhh6 Qe8 25.b3 Qe7 26.Rhf6 Nd7 27.Rf5 Re8 28.Qd4 Bg6 29.Bc4+ Kh8
30.Rxg6 hxg6 31.Rf7 Qe5 32.Rxd7 Rxd7 33.Qxd7 Qa1+ 34.Kc2 Qxa2+ 35.Kc1 Qa1+
36.Kc2 Qa2+ 37.Kc1 Qa1+ 38.Kc2  1/2-1/2

[Event "Arad Open A"]
[Site "Arad ROU"]
[Date "2011.08.05"]
[Round "1.2"]
[White "Manolache,M"]
[Black "Dumitrica,S"]
[Result "1-0"]
[WhiteElo "2533"]
[BlackElo "1867"]

1.d4 d5 2.Nf3 Nf6 3.c4 e6 4.Nc3 Be7 5.Bf4 O-O 6.Qc2 c6 7.e3 h6 8.g4 Nh7 9.O-O-O Ng5
10.Ne5 Nd7 11.h4 Nh7 12.Bd3 Nhf6 13.g5 Nh5 14.gxh6 f5 15.hxg7 Rf7 16.Nxf7  1-0

[Event "50th World Juniors"]
[Site "Chennai IND"]
[Date "2011.08.05"]
[Round "4.10"]
[White "Lalith,B"]
[Black "Janev,T"]
[Result "1/2-1/2"]
[WhiteElo "2495"]
[BlackElo "2349"]

1.Nf3 Nf6 2.c4 e6 3.Nc3 d5 4.d4 Be7 5.Bf4 O-O 6.e3 c6 7.Qc2 Nbd7 8.h3 Qa5
9.Nd2 c5 10.Nb3 Qb6 11.Nb5 dxc4 12.Bxc4 a6 13.dxc5 Nxc5 14.Nc3 Bd7 15.O-O Nxb3
16.Bxb3 Bc6 17.Rfd1 Rfd8 18.Rxd8+ Rxd8 19.Rd1 Kf8 20.Rxd8+ Qxd8 21.Be5 Qa5
22.Bf4 Qd8 23.Be5 Qa5 24.Bf4 Qd8  1/2-1/2

[Event "29th World Junior Girls"]
[Site "Chennai IND"]
[Date "2011.08.05"]
[Round "4.7"]
[White "Ozturk,Ku"]
[Black "Imeeva,A"]
[Result "1/2-1/2"]
[WhiteElo "2258"]
[BlackElo "2094"]

1.Nf3 Nf6 2.c4 e6 3.Nc3 d5 4.d4 Be7 5.Bf4 O-O 6.e3 a6 7.c5 Nc6 8.a3 b6 9.b4 Bb7
10.Bd3 Re8 11.O-O Nh5 12.Qc2 g6 13.Be5 Ng7 14.Rfd1 Nxe5 15.Nxe5 f6 16.Nf3 Bf8
17.e4 dxe4 18.Nxe4 Bd5 19.Bc4 b5 20.Be2 Qe7 21.Re1 Qf7 22.Qd3 Nf5 23.Nc3 Ne7
24.Nd2 Rad8 25.a4 e5 26.axb5 exd4 27.Nxd5 Nxd5 28.Qxd4 f5 29.Bc4 Bg7 30.Rxe8+ Qxe8
31.Qxd5+ Rxd5 32.Bxd5+ Kf8 33.Rxa6 Qe1+ 34.Nf1 Bd4 35.Ra2 Qxb4 36.Bc6 Bxc5
37.g3 f4 38.Kg2 g5 39.Nd2 Kg7 40.g4 f3+ 41.Nxf3 Qxg4+ 42.Kh1 Qh3 43.Ra1 Bd6
44.Rg1 g4 45.Rg2 Kf6 46.Nd2 Bf4 47.Ne4+ Kf7 48.Ng3 Qh6 49.Ne2 Bd6 50.Ng3 Qf4
51.f3 Bc5 52.Ne2 Qd2 53.fxg4 Qe1+ 54.Ng1 Kf6 55.Rg3 Kg5 56.Rg2 h6 57.Rg3 Kf6
58.Rg2 Bf2 59.Bd7 Ke7 60.Bc6 Be3  1/2-1/2